Представление документа в формате RUSMARC

ПолеНазваниеЗначение
  Тип записи a
  Библиографический уровень m
001 Контрольный номер UONB/MAIN/905b93bcef4d41c58aeabbb1c463499f
005 Дата корректировки 20260630120115.2
100 Данные общей обработки __
a Данные общей обработки 20260630g1868 u u0rusy0189 ca
101 Язык документа 0_
a Язык текста rus
102 Страна публикации __
a Страна публикации RU
105 Кодированные данные (монография) __
a Кодированные данные (монография) y z 000yy
200 Заглавие и сведения об ответственности 1_
a Заглавие Практическое применение начал рационального тарифа
f Первые сведения об ответственности Соч. А. Шипова
203 Вид содержания и тип средства __
a Вид содержания Текст
b Характеристика содержания визуальный
c Тип средства непосредственный
210 Выходные данные 1_
a Место издания Санкт-Петербург
c Издательство Общественная польза
d Дата издания 1868-
215 Физическое описание __
d Формат 21 см
300 Общие примечания __
a Общие примечания На тит. л. частн. загл. вып.
700 Автор _1
a Фамилия Шипов
b Имя (инициалы) А. П.
g Полное личное имя Александр Павлович
f Даты 1800-1878
801 Источник записи _0
a Страна RU
b Организация Ульяновская ОНБ
c Дата составления 20260630
g Правила каталогизации RCR
801 Источник записи _1
a Страна RU
b Организация Ульяновская ОНБ
c Дата составления 20260630
g Правила каталогизации RCR
901 Тип документа __
t Тип документа v
909 Создатель записи __
a Создатель записи Горбункова
b Дата создания записи 20260630